<?xml version="1.0" encoding="UTF-8"?>
<record
    xmlns:xsi="http://www.w3.org/2001/XMLSchema-instance"
    xsi:schemaLocation="http://www.loc.gov/MARC21/slim http://www.loc.gov/standards/marcxml/schema/MARC21slim.xsd"
    xmlns="http://www.loc.gov/MARC21/slim">

  <leader>02153    a2200205   4500</leader>
  <controlfield tag="001">59716</controlfield>
  <controlfield tag="005">20260407155851.0</controlfield>
  <controlfield tag="008">260407a2008    arg                 spa d</controlfield>
  <controlfield tag="003">AR-UNSa-BCEJYS</controlfield>
  <datafield tag="040" ind1=" " ind2=" ">
    <subfield code="a">AR-UNSa-BCEJYS</subfield>
    <subfield code="b">spa</subfield>
    <subfield code="c">AR-UNSa-BCEJYS</subfield>
  </datafield>
  <datafield tag="080" ind1=" " ind2=" ">
    <subfield code="a">346</subfield>
    <subfield code="x">Derecho econ&#xF3;mico. Derecho a la direccion estatal de la econom&#xED;a </subfield>
  </datafield>
  <datafield tag="245" ind1="1" ind2="0">
    <subfield code="a">Nuevos temas de derecho econ&#xF3;mico, propiedad intelectual y biot&#xE9;cnica</subfield>
  </datafield>
  <datafield tag="020" ind1=" " ind2=" ">
    <subfield code="a">978-987-03-1349-6</subfield>
  </datafield>
  <datafield tag="264" ind1=" " ind2="1">
    <subfield code="a">Buenos Aires :</subfield>
    <subfield code="b">Universidad de Buenos Aires. Facultad de Derecho</subfield>
    <subfield code="c">2008</subfield>
  </datafield>
  <datafield tag="300" ind1=" " ind2=" ">
    <subfield code="a">275 p.</subfield>
    <subfield code="c">24 cm.</subfield>
  </datafield>
  <datafield tag="505" ind1=" " ind2=" ">
    <subfield code="a">1. Centralidad de la deontolog&#xED;a en tiempo de tecnolog&#xED;as convergentes / Atilio An&#xED;bal Alterini &#x2013; 2. Los delitos societarios y el pensamiento de Bergel / David Baig&#xFA;n &#x2013; 3. Quince a&#xF1;os de Ley de Competencia Desleal / Alberto Bercovitz &#x2013; 4. Patentes en Biotecnolog&#xED;a: una nueva forma de &#x201C;acumulaci&#xF3;n por desposesi&#xF3;n&#x201D; / Mar&#xED;a Julia Bertomeu &#x2013; 5. C&#xE9;lulas Madre, Pre-embriones y Pseudo-embriones: Problemas Bio&#xE9;ticos en torno a la obtenci&#xF3;n de C&#xE9;lulas Madre &#x2013; 6. Disposiciones de los acuerdos de libre comercio que pueden afectar el acceso a los medicamentos en los pa&#xED;ses en desarrollo / Carlos M. Correa &#x2013; 7. Hoteles, m&#xFA;sica, televisores y derechos intelectuales / A&#xED;da Kemelmajer de Carlucci &#x2013; 8. Cuestiones relacionadas con el patentamiento en materia de biotecnolo&#xED;a / Jorge Kors &#x2013; 9. La responsabilidad de los proveedores de servicios de intermediaci&#xF3;n en l&#xED;nea. La jurisprudencia internacional / Delia Lipszyc &#x2013; 10. Justicia y agentes responsables en investigaci&#xF3;n / Florencia Luna &#x2013; 11. OMC y medio Ambiente: &#xBF;excepci&#xF3;n o discriminaci&#xF3;n? / Sandra C. Negro &#x2013; 12. La cultura Bio&#xE9;tica / Marcelo Palacios &#x2013; 13. Aspectos &#xC9;ticos de la Farmacogen&#xF3;mica / V&#xED;ctor B. Penchaszadeh &#x2013; 14. Los bienes jur&#xED;dicos tutelados en el Protocolo de Cartagena sobre Seguridad de la Biotecnolog&#xED;a del Convenio sobre Diversidad Biol&#xF3;gica / Rafael J. P&#xE9;rez Miranda &#x2013; 15. Empresas innovadoras de Biotecnolog&#xED;a &#xBF;tambi&#xE9;n bio&#xE9;ticas? - </subfield>
  </datafield>
  <datafield tag="942" ind1=" " ind2=" ">
    <subfield code="c">BK</subfield>
  </datafield>
  <datafield tag="590" ind1=" " ind2=" ">
    <subfield code="a">niveau_biblio:m niveau_hierar:0</subfield>
  </datafield>
  <datafield tag="100" ind1="1" ind2=" ">
    <subfield code="a">Correa, Carlos M.</subfield>
  </datafield>
  <datafield tag="999" ind1=" " ind2=" ">
    <subfield code="c">6799</subfield>
    <subfield code="d">6799</subfield>
  </datafield>
  <datafield tag="952" ind1=" " ind2=" ">
    <subfield code="0">0</subfield>
    <subfield code="1">0</subfield>
    <subfield code="4">0</subfield>
    <subfield code="7">0</subfield>
    <subfield code="a">BCEJYS</subfield>
    <subfield code="b">BCEJYS</subfield>
    <subfield code="c">16</subfield>
    <subfield code="d">2026-04-07</subfield>
    <subfield code="l">0</subfield>
    <subfield code="o">346 C824</subfield>
    <subfield code="p">L117747</subfield>
    <subfield code="r">2026-04-07 15:58:51</subfield>
    <subfield code="w">2026-04-07</subfield>
    <subfield code="y">L</subfield>
  </datafield>
</record>
